00764nam a2200181Ia 450000500170000000800410001702000150005808200180007310000500009124500860014126000540022730000180028150000420029950501500034165000330049165000310052465000270055520231102150615.0120622s1994 mx r 000 0 spa d a9681504410 a001.42bB139m1 aBaena Paz, Guillermina María Eugeniaeautor10aManual para elaborar trabajos de investigación documentalb / Guillermina Baena 1aMéxicob : Editores Mexicanos Unidosc, [1981?] a124 páginas aReimpresiones: 1993, 1994, 2000, 20062 aProcedimiento para elaborar un trabajo de investigación Recopilación de material Organización del material Redacción final Presentación14aINVESTIGACIÓN CIENTÍFICA24aMETODOLOGÍA CIENTÍFICA34aINVESTIGACIÓN SOCIAL